[Event "Wch U18"]
[White "Ioannidis, Evgenios"]
[Black "Olimjonov, Sarvarbek"]
[Site "Porto Carras"]
[Round "1"]
[Result "1-0"]
[Date "2018.10.20"]
[WhiteElo "2407"]
[BlackElo "2074"]
[PlyCount "79"]
[EventDate "2018.10.20"]
[EventType "swiss"]
[EventRounds "11"]
[EventCountry "GRE"]
[SourceTitle "CBM 187 Extra"]
[Source "ChessBase"]
[SourceDate "2018.11.04"]
[SourceVersion "1"]
[SourceVersionDate "2018.11.04"]
[SourceQuality "1"]

1. Nf3 Nf6 2. d4 c5 3. d5 b5 4. c4 e6 5. Bg5 exd5 6. cxd5 Qa5+ 7. Nc3 Ne4 8. Qd3 Nxg5 9. Nxg5 Be7 10. Qf5 Bxg5 11. Qe5+ Be7 12. d6 0-0 13. dxe7 Re8 14. Qxc5 Nc6 15. Qxb5 Qc7 16. Qc5 Qb8 17. 0-0-0 Nxe7 18. e3 a6 19. Bc4 Ra7 20. Qh5 d5 21. Nxd5 Nxd5 22. Bxd5 Qb4 23. Rd4 Rc7+ 24. Kb1 Qb6 25. Rhd1 g6 26. Qg5 Bf5+ 27. e4 Qc5 28. exf5 Qc2+ 29. Ka1 Re2 30. Bxf7+ Kg7 31. f6+ Kxf7 32. Qd5+ Kf8 33. Qd8+ Re8 34. Qd6+ Kf7 35. a3 Rb8 36. R4d2 Qc4 37. Re1 Rbb7 38. Rde2 Qc5 39. Re7+ Kf8 40. Qd8# 1-0